Online
Catalog

Ivanhoe / (Record no. 31699)

MARC details
000 -CABECERA
campo de control de longitud fija 00771nam a2200241 a 4500
001 - NÚMERO DE CONTROL
campo de control 000032208
005 - FECHA Y HORA DE LA ÚLTIMA TRANSACCIÓN
campo de control 20200930063524.0
008 - DATOS DE LONGITUD FIJA--INFORMACIÓN GENERAL
campo de control de longitud fija 110713s2004 dr 000 f spa d
040 ## - FUENTE DE LA CATALOGACIÓN
Centro catalogador/agencia de origen DO-SdBNP
Lengua de catalogación spa
Centro/agencia transcriptor BNPHU
082 ## - NÚMERO DE LA CLASIFICACIÓN DECIMAL DEWEY
Número de clasificación 823
Número de documento/Ítem S425i
100 1# - ENTRADA PRINCIPAL--NOMBRE DE PERSONA
Nombre de persona Scott, Walter
9 (RLIN) 49123
240 10 - TÍTULO UNIFORME
Título uniforme Ivanhoe
Lenguaje de la obra spa
245 10 - MENCIÓN DE TÍTULO
Título Ivanhoe /
Mención de responsabilidad, etc. Walter Scott; traducción Montserrat Cónil.
260 ## - PUBLICACIÓN, DISTRIBUCIÓN, ETC.
Lugar de publicación, distribución, etc. [s.l.] :
Nombre del editor, distribuidor, etc. Extremadura,
Fecha de publicación, distribución, etc. 2004.
300 ## - DESCRIPCIÓN FÍSICA
Extensión 540 p. ;
Dimensiones 18 cm.
590 ## - NOTA LOCAL (RLIN)
Nota local Inventariado, 2020/YL
650 #4 - PUNTO DE ACCESO ADICIONAL DE MATERIA--TÉRMINO DE MATERIA
Término de materia o nombre geográfico como elemento de entrada Caballeros y caballerias
9 (RLIN) 58284
650 #4 - PUNTO DE ACCESO ADICIONAL DE MATERIA--TÉRMINO DE MATERIA
Término de materia o nombre geográfico como elemento de entrada Judios
9 (RLIN) 58285
650 #4 - PUNTO DE ACCESO ADICIONAL DE MATERIA--TÉRMINO DE MATERIA
Término de materia o nombre geográfico como elemento de entrada Novela historica escocesa
9 (RLIN) 58286
651 #4 - PUNTO DE ACCESO ADICIONAL DE MATERIA--NOMBRE GEOGRÁFICO
Nombre geográfico Gran Bretaña
Subdivisión general Historia
Subdivisión cronológica RICHARD I, 1189-1199
9 (RLIN) 58287
700 12 - PUNTO DE ACCESO ADICIONAL--NOMBRE DE PERSONA
Nombre de persona Cónill, Montserrat
Término indicativo de función/relación tr.
9 (RLIN) 58288
910 ## - DATOS DE OPCIÓN DEL USUARIO (OCLC)
Datos de opción del usuario Validado. Control de calidad MFF
Holdings
Estado de retiro Estado de pérdida No para préstamo Código de colección Localización permanente Ubicación/localización actual Ubicación en estantería Fecha de adquisición Número de inventario Total de préstamos Signatura topográfica completa Código de barras Fecha visto por última vez Precio válido a partir de Tipo de ítem Koha Número de copia
    Excluido de préstamo Patrimonio Dominicano General General Depósito 13.07.2011 LF1   823 S425i 32208-10 25.06.2020 25.06.2020 Libro y Folleto Colección Patrimonio Dominicano  
    Excluido de préstamo Patrimonio Dominicano General General Depósito 13.07.2011 LF1   823 S425i 32208-20 25.06.2020 25.06.2020 Libro y Folleto Colección Patrimonio Dominicano e.2
    Excluido de préstamo Dominicana de Servicio General General Depósito 13.07.2011 LF1   823 S425i 32208-30 25.06.2020 25.06.2020 Libro y Folleto Colección Dominicana de Servicio e.3

Powered by Koha